|
|
|
|
| LEADER |
03863nam a2200445 a 4500 |
| 001 |
EBC1316687 |
| 003 |
MiAaPQ |
| 005 |
20200520144314.0 |
| 006 |
m o d | |
| 007 |
cr cn||||||||| |
| 008 |
130506s2013 ne sb 001 0 eng d |
| 010 |
|
|
|z 2013018463
|
| 020 |
|
|
|z 9789004250284 (pbk.)
|
| 020 |
|
|
|a 9789004255296 (electronic bk.)
|
| 035 |
|
|
|a (MiAaPQ)EBC1316687
|
| 035 |
|
|
|a (Au-PeEL)EBL1316687
|
| 035 |
|
|
|a (CaPaEBR)ebr10734230
|
| 035 |
|
|
|a (CaONFJC)MIL504855
|
| 035 |
|
|
|a (OCoLC)853364889
|
| 040 |
|
|
|a MiAaPQ
|c MiAaPQ
|d MiAaPQ
|
| 043 |
|
|
|a as-----
|
| 050 |
|
4 |
|a HD2346.S645
|b E43 2013
|
| 082 |
0 |
4 |
|a 338.6/420959
|2 23
|
| 245 |
0 |
0 |
|a Embedded entrepreneurship
|h [electronic resource] :
|b market, culture, and micro-business in insular Southeast Asia /
|c edited by Eldar Braten.
|
| 260 |
|
|
|a Leiden :
|b Koninklijke Brill nV,
|c 2013.
|
| 300 |
|
|
|a x, 328 p.
|
| 440 |
|
0 |
|a Social sciences in Asia,
|x 1567-2794 ;
|v v. 36
|
| 504 |
|
|
|a Includes bibliographical references and indexes.
|
| 505 |
0 |
|
|a Introduction : cultural embedding / Eldar Braten -- Ethnic experience and global horizons : batik entrepreneurs on a tourist beach in Malaysia / Ingrid Rudie -- Young professionals in urban Java : youth cultures and the imaginary forms of the 'new economy' / Lars Gjelstad -- Gender and moralities of work on Jimbaran Bay, South Bali / Anette Fagertun -- Approaching entrepreneurship : female ambivalence towards expectations of modernity in Malaysia / Solgunn F. Olsen -- The superior Thai-western relationship : a culturally negotiated re-embedding practice / Kristianne Ervik -- Muslim healers in a Hindu context : a Hadrami Arab healing group on Bali / Frode F. Jacobsen -- Courage and trust : from penniless transmigrant to affluent smallholder (and back) in Indonesian Borneo / Olaf H. Smedal -- Struggle for progress : street youth entrepreneurship in Yogyakarta, Indonesia / Ingvild Solvang -- Malaysian Indian enterprises, the means to other business / Nils Hidle -- Building a moral economy : the historical success of Hadrami Sada in Singapore / Leif Manger -- Embedded micro-businesses : trust, incorporation and scaling in Javanese 'family firms' / Eldar Braten -- Cash, culture and social change : why don't Chewong become entrepreneurs? / Signe Howell and Anja Lillegraven.
|
| 520 |
|
|
|a "Examines the importance of cultural meaning in the creation and utilization of economic value. Based on case-studies from Thailand, Malaysia, Singapore and Indonesia, the authors demonstrate that micro-scale entrepreneurship is intertwined with prevailing conceptions, moralities and habituations in the entrepreneurs' social milieu. More specifically, the volume argues that meaning-making is integral to economic opportunity; that economic actors' market agency is shaped by cultural experiences; that entrepreneurs' prototypical "individualism" is socially contingent; and that cultural meanings channel economic value among economic and social domains. Addressing core questions about "embedding", the authors suggest theoretical convergences between economic anthropology and economic sociology"--
|c Provided by publisher.
|
| 533 |
|
|
|a Electronic reproduction. Ann Arbor, MI : ProQuest, 2015. Available via World Wide Web. Access may be limited to ProQuest affiliated libraries.
|
| 650 |
|
0 |
|a Small business
|x Social aspects
|z Southeast Asia
|v Case studies.
|
| 650 |
|
0 |
|a Entrepreneurship
|x Social aspects
|z Southeast Asia
|v Case studies.
|
| 650 |
|
0 |
|a Economic anthropology
|z Southeast Asia
|v Case studies.
|
| 651 |
|
0 |
|a Southeast Asia
|x Commerce
|x Social aspects.
|
| 655 |
|
4 |
|a Electronic books.
|
| 700 |
1 |
|
|a Braten, Eldar.
|
| 700 |
1 |
|
|a Rudie, Ingrid.
|t Ethnic experience and global horizons.
|
| 710 |
2 |
|
|a ProQuest (Firm)
|
| 856 |
4 |
0 |
|u https://ebookcentral.proquest.com/lib/matrademy/detail.action?docID=1316687
|z Click to View
|